| 000 | 01038nam a2200265Ia 4500 | ||
|---|---|---|---|
| 003 | GCL | ||
| 008 | 140319s9999 xx 000 0 ara d | ||
| 020 | _a4376048977 | ||
| 040 |
_aGCL / _cGCL |
||
| 082 | 0 | 4 |
_aق _b728.82 _bع ح |
| 100 | 1 | _aعبدالمنصف سالم نجم | |
| 245 | 1 | 0 |
_aحلوان مدينة القصور والسرايات : _bدراسة اثرية وثائقية لعمران المدينة واثارها الباقية والمندثرة / _cعبدالمنصف سالم نجم |
| 250 | _aالاولى | ||
| 260 |
_aالقاهرة : _bمكتبة زهراء الشرق ، _c2006 |
||
| 300 |
_a557 ص ؛ _c24 سم |
||
| 650 | 0 | 4 | _aالعمارة الاسلامية |
| 650 | 0 | 4 | _aالقصور الاسلامية |
| 650 | 0 | 4 | _aالمساجد - مصر |
| 650 | 0 | 4 | _aمصر - الاثار |
| 650 | 0 | 4 | _aمصر - المبانى التاريخية |
| 650 | 0 | 4 | _aحلوان - الاثار |
| 650 | 0 | 4 | _aحلوان - المساجد |
| 650 | 0 | 4 | _aحلوان - القصور الاسلامية |
| 942 |
_2ddc _cBK |
||
| 999 |
_c9656 _d9656 |
||